000 00852nac a22002537a 4500
001 BR7302332
003 BR-BrBNA
005 20240105113505.0
008 230509b bl.|||m| |||| 00| 0 por d
040 _aBR-BrBNA
_bpor
_cBiblioteca Nacional de Agricultura
072 _aH10
090 _a0430 BR7302332
100 1 _aMendes, L.O.T.
110 1 _aInstituto Agronomico, Campinas, SP (Brasil)
245 1 _aObservacoes sobre alguns insetos coletados sobre algodoeiro durante os anos de 1936 e 1937
260 3 _aSao Paulo, SP (Brasil):
_c1938.
300 _a15 p.
490 _aBoletim Tecnico - Instituto Agronomico (Brazil)
_vno. 45
_x
500 _aSummary (En); Reprint of "Jornal de Agronomia" v. 1 (2139-2162)1938
650 _aALGODAO
650 _aINSETO
909 _a202312
_bLúcia Elande
_c55
_dLúcia Elande
942 _2AGRIS
_n0
_cMS
999 _c264024
_d264024